|
|
|
|
| LEADER |
03194nam a2200421 i 4500 |
| 001 |
9781681748917 |
| 003 |
IOP |
| 005 |
20190304195148.0 |
| 006 |
m eo d |
| 007 |
cr cn |||m|||a |
| 008 |
180405s2018 caua ob 000 0 eng d |
| 999 |
|
|
|c 139894
|d 139894
|
| 020 |
|
|
|a 9781681748917
|q ebook
|
| 020 |
|
|
|a 9781681748894
|q mobi
|
| 020 |
|
|
|z 9781681748887
|q print
|
| 024 |
7 |
|
|a 10.1088/978-1-6817-4891-7
|2 doi
|
| 035 |
|
|
|a (CaBNVSL)thg00975832
|
| 035 |
|
|
|a (OCoLC)1030775296
|
| 040 |
|
|
|a CaBNVSL
|b gre
|e AACR2
|c GR-PaULI
|d GR-PaULI
|
| 082 |
0 |
4 |
|a 530.12
|2 23
|
| 100 |
|
|
|a Klink, William H.
|e συγγραφέας.
|9 174440
|
| 245 |
1 |
0 |
|a Relativity, symmetry, and the structure of quantum theory.
|n Volume 2,
|p Point form relativistic quantum mechanics /
|c William H. Klink, Wolfgang Schweiger.
|
| 260 |
|
|
|a San Rafael [Καλιφόρνια] :
|b Morgan & Claypool Publishers,
|c c2018.
|
| 300 |
|
|
|a 1 ηλεκτρονική πηγή (ποικίλες σελιδαριθμήσεις) :
|b εικ. (μερ. έγχρ.).
|
| 490 |
1 |
|
|a IOP concise physics,
|x 2053-2571
|
| 504 |
|
|
|a Περιλαμβάνει βιβλιογραφικές παραπομπές.
|
| 505 |
0 |
|
|a 1. Introduction -- 2. Einstein relativity and one-particle Poincaré quantum theory -- 2.1. The Poincaré group -- 2.2. Irreducible representations of the Poincaré group
|
| 505 |
8 |
|
|a 3. Relativistic acceleration -- 3.1. Relativistic acceleration transformations -- 3.2. Representations of the Diff group -- 3.3. Unitary operators representing acceleration transformations and fictitious 'forces' -- 3.4. Spin in accelerated systems -- 3.5. The four-momentum operator in curved space-time
|
| 505 |
8 |
|
|a 4. Interactions in multiparticle systems -- 4.1. Multiparticle variables and velocity states -- 4.2. Interacting mass and four-momentum operators -- 4.3. Cluster separability and the boost as separation operator -- 4.4. Particle production and coupled channel mass operators
|
| 505 |
8 |
|
|a 5. Applications -- 5.1. The electromagnetic current of a bound system -- 5.2. Mass renormalization and resonances -- 5.3. Electron scattering off a bound system -- 6. Conclusion -- Appendix A. Normalizations, Clebsch-Gordan coefficients, and intertwining operators.
|
| 520 |
3 |
|
|a This book covers relativistic quantum theory from the point of view of a particle theory, based on the irreducible representations of the Poincaré group, the group that expresses the symmetry of Einstein relativity. There are several ways of formulating such a theory; this book develops what is called relativistic point form quantum mechanics, which, unlike quantum field theory, deals with a fixed number of particles in a relativistically invariant way. A chapter is devoted to applications of point form quantum mechanics to nuclear physics.
|
| 650 |
|
0 |
|a Θεωρία των κβάντα
|9 765
|
| 650 |
|
0 |
|a Σχετικιστική κβαντική θεωρία
|9 174441
|
| 650 |
|
0 |
|a Σχετικότητα (Φυσική)
|9 120
|
| 700 |
|
|
|a Schweiger, W.
|q (Wolfgang)
|d 1957-
|e συγγραφέας.
|9 174442
|
| 830 |
|
0 |
|a IOP concise physics.
|
| 856 |
4 |
0 |
|u http://iopscience.iop.org/book/978-1-6817-4891-7
|
| 942 |
|
|
|2 ddc
|c ERS
|